00587nam a2200205Ia 4500003000400000005001700004006001800021007000300039008004100042037001700083040001800100041001300118082002800131100001700159245004400176260003400220300001300254490008600267650002800353OSt20220926012039.0a|||||r|||| 00| 0ta220923b |||||||| |||| 00| 0 eng d cGeneral Book aRTLcRTLbeng 2engaeng aV44Q7:194.247.N6, K5/Q7 aDupree Louis 0aFirst reflection the second Kashmir war aNew YorkbAUFS c1965 a32pccm. aSouth Asia Series. v. ix, No 5. American Universities Field Staff Reports Service aForeign Policy Pakistan